书目信息 |
| 书名: | Sign off | |
| 作者: | Edwin Diamond. | |
| 分册号: | ||
| 分册名: | 出版地: | Cambridge, Mass. : |
|
| 出版社: | MIT Press | |
| 出版时间: | 1985. | |
| 页数: | xiv, 273 p. ; | |
| 开本: | 21 cm. | |
| 丛书名: | ||
| 中图分类号: | ||
| 科图分类号: | ||
| 其他分类号: | G229.12 | |
| 主题词: | ||
| 电子资源: | ||
| 000 | 01007cam a2200301 a 450 | |
| 001 | E0740228046 | |
| 005 | 20070515111304.59 | |
| 008 | 820209s1985 b 001 0 eng | |
| 010 | @a82000230 | |
| 020 | @a0262040697 :@c$17.50. | |
| 020 | @a0-262-54039-8. | |
| 035 | @A(DLC) 82000230 | |
| 040 | @aDLC@cDLC@dDLC | |
| 043 | @an-us--- | |
| 050 | 00 | @aPN4888.T4@bD48 1982 |
| 082 | 00 | @a070.1/9@2 19 |
| 090 | @aG229.12 | |
| 099 | @dG229.12@ex44 | |
| 100 | 1 | @aDiamond, Edwin. |
| 245 | 10 | @aSign off :@bthe last days of television / @cEdwin Diamond. |
| 260 | @aCambridge, Mass. :@bMIT Press,@c1985. | |
| 300 | @axiv, 273 p. ;@c21 cm. | |
| 504 | @aIncludes bibliographical references and index. | |
| 650 | 0 | @aTelevision broadcasting@zUnited States. |
| 650 | 0 | @aTelevision broadcasting of news@zUnited States. |
| 906 | @a7@bcbc@corignew@d1@eocip@f19@gy-gencatlg | |
| 991 | @bc-GenColl@hPN4888.T4@iD48 1982@p00004396455@tCopy 2@wCCF | |
| 991 | @bc-GenColl@hPN4888.T4@iD48 1982@tCopy 1@wBOOKS | |
| Sign off : : the last days of television / / Edwin Diamond.-Cambridge, Mass. : : MIT Press, , 1985. |
| xiv, 273 p. ; ; 21 cm. |
| Includes bibliographical references and index. |
| ISBN 0262040697 :$17.50. |
| ● |
| 相关链接 |
|
|
|
|
正题名:Sign off
索取号:G229.12/x44
 
预约/预借
| 序号 | 登录号 | 条形码 | 馆藏地/架位号 | 状态 | 备注 |
| 1 | 8504 | 300085048 | 第二样本阅览室/ [索取号:G229.12/x44] | 在馆 | |
| 2 | 8505 | 300085057 | 第四借阅区/ [索取号:G229.12/x44] | 在馆 |